000 00326 a2200109 4500
001 ART_12237
005 20260410161904.0
008 260409a
245 1 0 _aOn restricted estimation in linear models
100 1 _aDent, Warren
773 0 _tJournal of econometrics
_g- Vol. 12, NÂș 1 (ene. 1980)
_wREV11720
999 _c26200
_d26200